Tilastot visalle Friends characters

Klikkaa tästä pelataksesi tätä visaa!

Yleistilastot

  • Tätä visaa on pelattu 49 kertaa
  • Keskiarvotulos 8 / 15

Vastaustilastot

Actor/ActressCharacter% Oikein
Matthew PerryChandler
97%
Jennifer AnistonRachel
94%
David SchwimmerRoss
94%
Matt LeBlancJoey
92%
Courtney CoxMonica
92%
Lisa KudrowPhoebe
92%
Maggie WheelerJanice
53%
James Michael TylerGunther
44%
Christina ApplegateAmy
31%
Reese WitherspoonJill
31%
Elliot GouldJack
22%
Christina PicklesJudy
17%
Brad PittWill
14%
Sean PennEric
11%
Julia RobertsSusie
8%

Tulosjakauma

Persentiili vastausten määrän mukaan

Jokaisen tuloksen saaneiden osuus

Tuloshistoriasi

Et ole pelannut tätä visaa